000 01547nas a2200277Ia 4500
001 R050-S6494
003 IT-CnALBA
008 170116c99999999xx |||||||||||| ||und||
040 _aIT-CnALBA
_cIT-CnALBA
041 _aITALIANO
100 _aSARTORIO UGO
210 _aVITA CONSACRATA
222 _aVITA CONSACRATA
245 0 _aVITA CONSACRATA. GENNAIO FEBBRAIO 2004.
250 _a1a ed.
260 _a MILANO - BOLOGNA
_bANCORA EDITRICE
_c2004 [1° Ed.:2004 - Ed.Ling.Originale: 2004]
300 _a110 p.
310 _aBIMESTRALE
362 _aFascicolo: 1 / Anno: 40 (2004)
500 _aGIOVANNI PAOLO SECONDO E LA VITA CONSACRATA. OBBEDIENZA E AUTORITÀ NELLA VITA CONSACRATA. IL MONACHESIMO ATTUALE. AUTENTICITÀ FEDELTÀ CREATIVA PROMOZIONE. LETTURA CRISTIANA SALMI. TEMPO DI GRAZIA E PROVA. LA LEGGE DI MURPHY IN CONVENTO. BIBLIOGRAFIA. MARTINELLI P. ZANI L. PIRONIO E. CARDINALE. LO RUSSO G. RASSEGNA BIBLIOGRAFICA. IL QUARANTESIMO DELLA RIVISTA.
501 _aSocietà San Paolo EM - Piazza San Paolo, 14 - 12051 ALBA (CN) (non commercial uses only) ® Copyright 2017
520 _aGIOVANNI PAOLO SECONDO E LA VITA CONSACRATA. OBBEDIENZA E AUTORITÀ NELLA VITA CONSACRATA. IL MONACHESIMO ATTUALE. AUTENTICITÀ FEDELTÀ CREATIVA PROMOZIONE. LETTURA CRISTIANA SALMI. TEMPO DI GRAZIA E PROVA. LA LEGGE DI MURPHY IN CONVENTO. BIBLIOGRAFIA. MARTINELLI P. ZANI L. PIRONIO E. CARDINALE. LO RUSSO G. RASSEGNA BIBLIOGRAFICA. IL QUARANTESIMO DELLA RIVISTA.
650 _aTEOLOGIA SPIRITUALE
942 _cCR
957 _71
999 _a76054
_bNO
_g1
_c334722
_d334722